LEADER 01529nam a22003251i 4500 001 991002811899707536 005 20040331080119.0 008 040624s1997 it a||||||||||||||||ita 020 $a8875673306 035 $ab1298159x-39ule_inst 035 $aARCHE-093927$9ExL 040 $aDip.to Beni Culturali$bita$cA.t.i. Arché s.c.r.l. Pandora Sicilia s.r.l. 082 04$a738.5 110 2 $aAssociazione italiana per lo studio e la conservazione del mosaico$0427197 245 10$aAtti del IV colloquio dell'Associazione italiana per lo studio e la conservazione del mosaico :$bPalermo, 9-13 dicembre 1996 /$ca cura di Rosa Maria Carra Bonacasa e Federico Guidobaldi 260 $aRavenna :$bEdizioni del girasole,$c1997 300 $aVII, 1079 p. :$bill. ;$c24 cm 500 $aIn testa al front.: AISCOM 500 $aSul front.: con il patrocinio del Ministero per i beni culturali e ambientali 650 4$aRestauro$xTecniche$xCongressi$y1996 650 4$aMosaici$xConservazione e restauro$xCongressi$y1996 650 4$aCongressi$xPalermo$y1996 700 1 $aCarra Bonacasa, Rosa Maria 700 1 $aGuidobaldi, Federico 907 $a.b1298159x$b02-04-14$c12-07-04 912 $a991002811899707536 945 $aLE001 AN XXI 709$g1$i2001000074716$lle001$nC. 1$o-$pE0.00$q-$rl$s- $t0$u1$v0$w1$x0$y.i13585794$z12-07-04 996 $aAtti del IV colloquio dell'Associazione italiana per lo studio e la conservazione del mosaico$9285644 997 $aUNISALENTO 998 $ale001$b12-07-04$cm$da $e-$fita$git $h0$i1 LEADER 02233nam 2200517z- 450 001 9910557679203321 005 20211118 035 $a(CKB)5400000000044740 035 $a(oapen)https://directory.doabooks.org/handle/20.500.12854/73374 035 $a(oapen)doab73374 035 $a(EXLCZ)995400000000044740 100 $a20202111d2019 |y 0 101 0 $aeng 135 $aurmn|---annan 181 $ctxt$2rdacontent 182 $cc$2rdamedia 183 $acr$2rdacarrier 200 00$aNew Processes for Nutrient Recovery from Wastes 210 $cFrontiers Media SA$d2019 215 $a1 online resource (153 p.) 311 08$a2-88963-219-9 330 $aThis eBook is a collection of articles from a Frontiers Research Topic. Frontiers Research Topics are very popular trademarks of the Frontiers Journals Series: they are collections of at least ten articles, all centered on a particular subject. With their unique mix of varied contributions from Original Research to Review Articles, Frontiers Research Topics unify the most influential researchers, the latest key findings and historical advances in a hot research area! Find out more on how to host your own Frontiers Research Topic or contribute to one as an author by contacting the Frontiers Editorial Office: frontiersin.org/about/contact 606 $aTechnology, engineering, agriculture$2bicssc 610 $aCircular economy 610 $aConcentration of nutrients 610 $aManure 610 $aNutrient re-use 610 $aNutrient recovery 610 $aOrganic Fertilizers 610 $asustainability 610 $aupcycling 610 $avalue-added products 610 $awaste 615 7$aTechnology, engineering, agriculture 700 $aVanotti$b Matias B$4edt$01318538 702 $aGarcía-González$b Maria C$4edt 702 $aMolinuevo-Salces$b Beatriz$4edt 702 $aRiaño$b Berta$4edt 702 $aVanotti$b Matias B$4oth 702 $aGarcía-González$b Maria C$4oth 702 $aMolinuevo-Salces$b Beatriz$4oth 702 $aRiaño$b Berta$4oth 906 $aBOOK 912 $a9910557679203321 996 $aNew Processes for Nutrient Recovery from Wastes$93033376 997 $aUNINA